| 000 | 00590cam a2200205 4500500 | ||
|---|---|---|---|
| 005 | 20260405002615.0 | ||
| 041 | _afre | ||
| 042 | _adc | ||
| 100 | 1 | 0 |
_aEltchaninoff, Michel _eauthor |
| 245 | 0 | 0 | _a50 nuances de contrat |
| 260 | _c2018. | ||
| 500 | _a100 | ||
| 690 | _aContract | ||
| 690 | _aGilles Deleuze | ||
| 690 | _aSacher-Masoch | ||
| 690 | _aSexe | ||
| 690 | _aSexualité | ||
| 786 | 0 | _nPhilosophie magazine | 116 | 2 | 2018-02-01 | p. 31-32 | 1951-1787 | |
| 856 | 4 | 1 | _uhttps://shs.cairn.info/magazine-philosophie-magazine-2018-2-page-31?lang=fr&redirect-ssocas=7080 |
| 999 |
_c2059271 _d2059271 |
||